Most square country flags - Statistics

General Stats
  • This quiz has been taken 37 times
  • The average score is 4 of 15
Answer Stats
Hint Answer % Correct
1:1 Switzerland
100%
1:1 Vatican City
71%
4:5 Monaco
50%
3:4 San Marino
29%
13:15 Belgium
26%
28:37 Denmark
21%
8:11 Israel
21%
18:25 Iceland
15%
6:7 Niger
15%
8;11 Norway
15%
5:7 Albania
12%
3:4 D.R. Congo
12%
3:4 Gabon
12%
5:7 Kosovo
12%
3:4 Papua New Guinea
9%
No matching quizzes found
Score Distribution
Percent of People with Each Score
Percentile by Number Answered
Your Score History
You have not taken this quiz